| 000 | 00548nam a22002057a 4500 | ||
|---|---|---|---|
| 005 | 20250529151410.0 | ||
| 008 | 250418b |||||||| |||| 00| 0 eng d | ||
| 020 | _a9781032723686 | ||
| 040 |
_aSDCL _cSDCL |
||
| 041 |
_2eng _aeng |
||
| 084 | _aY:1.2'P R4 | ||
| 245 |
_aMyths and places : _bNew perspectives in Indian cultural geography |
||
| 260 |
_aNew York : _bRoutledge, _c2024. |
||
| 300 | _axiv, 232p. | ||
| 650 | _2History | ||
| 650 | _aCulture | ||
| 650 |
_aMyth _9811061 |
||
| 700 |
_aKaul, Shonaleeka _eEd. |
||
| 942 |
_2CC _cTEXL _n0 |
||
| 999 |
_c1309135 _d1309135 |
||